00249nam a2200109Ia 4500008004100000100002200041245001700063260002000080650001500100942000700115999001700122190216s9999||||xx |||||||||||||| ||und|| aBharathi Amma K K 0aThamarakulam bSree Buddha Pub aKavithakal cBK c25093d25093